000
00319nam a22001457a 4500
008
210312b ||||| |||| 00| 0 eng d
020
_a
9781903378632
041
_a
eng
080
_a
617
082
_a
617
100
_a
8
101
_a
ORT
245
_a
Musculoskeletal Trauma Simplified
_c
Diwan,A
942
_2
udc
_c
BK
999
_c
56582
_d
56582